00490 2200193 4500001002100000005001500021035002000036008004100056245006100097100001300158250000600171260004700177300001200224084001400236082000800250650001400258990001200272990001200284INLIS00000000000027220240503073803 a0010-0424000248240503 0 ind 1 aStrategi Jitu Menjuarai OSN Kebumian Jilid 1 /cTIM LOPI aTIM LOPI a1 aJakarta :bPT. Bina Prestasi Insani,c2017 a151 hlm a900 TIM s a900 4aNon Fiksi a0732352 a0732353